000 00456nam a2200157Ia 4500
008 210716s2009 xx 000 0 und d
020 _a9788177584356
041 _aeng
082 _a005.41 HOLC
100 _aHollabaugh, Craig.
245 _aEmbedded linux: hardware software and interfacing.
_bHardware software and interfacing
250 _a1
260 _aNew Delhi
_bPearson Education
_c2009
300 _aviii,419
650 _aEmbedded Programming
999 _c189681
_d189681